| 000 | 00429nam a2200169 a 4500 | ||
|---|---|---|---|
| 001 | 0000-8991 | ||
| 003 | ELIB.Books | ||
| 008 | 110520 1947 | ||
| 035 | _a(ELIB.Books)0000-9140 | ||
| 082 |
_a808.82 _bBro |
||
| 100 | _aBrown, Thelma Sharman | ||
| 245 | _aTreasury of Religious Plays | ||
| 260 |
_bNew York: Association Press _c1947 |
||
| 650 | _aDrama | ||
| 942 |
_2ddc _cBK |
||
| 998 |
_cbat _e2011-05-20 |
||
| 999 |
_c8991 _d8991 |
||